Normal view
MARC view
Entry Nombre personal
001 - NÚMERO DE CONTROL
- campo de control: 164366
003 - IDENTIFICADOR DE NÚMERO DE CONTROL
- campo de control: OSt
005 - FECHA Y HORA DE LA ÚLTIMA TRANSACCIÓN
- campo de control: 20251003184718.0
008 - ELEMENTOS DE DATO DE LONGITUD-FIJA
- campo de control de longitud fija: 180312 b azzaaaaaa a aaa d
040 ## - FUENTE DE CATALOGACIÓN
- Centro catalogador/agencia de origen: OSt
- Centro/agencia transcriptor: OSt
100 1# - ENCABEZAMIENTO-NOMBRE DE PERSONA
- Nombre de persona: Gil de Oto, Manuel,
- Fechas asociadas al nombre: 1870-1937
400 1# - TRAZADO DE VÉASE--NOMBRE DE PERSONA
- Nombre de persona: Toledano y Escalante, Miguel (
- Fechas asociadas al nombre: 1870-1937)
670 ## - FUENTE DE DATOS ENCONTRADOS
- Cita de la fuente: Espasa
- Información encontrada: (Toledano y Escalante, Miguel; periodista y escritor español; n. en Madrid en 1870 y m. en Barcelona en 1937; usa el seud. de Manuel Gil de Oto)
